书目信息 |
| 书名: | Basic chemical thermodynamics | |
| 作者: | E. Brian Smith. | |
| 分册号: | ||
| 分册名: | 出版地: | Oxford : |
|
| 出版社: | Clarendon Press | |
| 出版时间: | 1977. | |
| 页数: | xii, 130 p. : | |
| 开本: | 22 cm. | |
| 丛书名: | Oxford chemistry series | |
| 中图分类号: | ||
| 科图分类号: | ||
| 其他分类号: | O642.1:H31 | |
| 主题词: | ||
| 电子资源: | ||
| 000 | 00747nam 2200241Ii 4504 | |
| 001 | E0754327887 | |
| 005 | 20070301151052.92 | |
| 008 | 030617s1977 enka b 00110 eng d | |
| 020 | @a0198555075 :@cCNY0.70. | |
| 020 | @a0198555083 (pbk). | |
| 040 | @aEEM@cEEM@dMIA | |
| 090 | @aP423/W30/1977 | |
| 090 | @aO642.1:H31 | |
| 099 | @dO642.1:H31@ex10 | |
| 100 | 1 | @aSmith, E. Brian@q(Eric Brian),@d1933- |
| 245 | 10 | @aBasic chemical thermodynamics / @cE. Brian Smith. |
| 250 | @a2d ed. | |
| 260 | 0 | @aOxford :@bClarendon Press,@c1977. |
| 300 | @axii, 130 p. :@bill. ;@c22 cm. | |
| 440 | 0 | @aOxford chemistry series,@v8. |
| 504 | @aIncludes bibliographical references and index. | |
| 650 | 0 | @aThermodynamics. |
| 920 | @a232010@z2 | |
| Basic chemical thermodynamics / / E. Brian Smith.-2d ed.-Oxford : : Clarendon Press, , 1977. |
| xii, 130 p. : : ill. ; ; 22 cm.- (Oxford chemistry series, 8. ) |
| Includes bibliographical references and index. |
| ISBN 0198555075 :CNY0.70. |
| ● |
| 相关链接 |
|
|
|
|
正题名:Basic chemical thermodynamics
索取号:O642.1:H31/x10
 
预约/预借
| 序号 | 登录号 | 条形码 | 馆藏地/架位号 | 状态 | 备注 |
| 1 | 61694 | 000635691 | 第四借阅区/ [索取号:O642.1:H31/x10] | 在馆 | |
| 2 | 61695 | 000635708 | 第四借阅区/ [索取号:O642.1:H31/x10] | 在馆 |